Представление документа в формате MARC21

Поле Инд. ПП Название Значение
Тип записи a
Библиографический уровень m
001 Контрольный номер dc824e57-7341-4af8-800d-61fcbe6a865c
005 Дата корректировки 20111130181457.7
008 Кодируемые данные 010402 d
020 a ISBN 5-86006-006-8
c Цена, тираж 10000.00
080 a Индекс УДК 334.722(075.8)
084 a Индекс другой классификации/Индекс ББК У509я731-1
090 x Авторский знак М74
a Полочн. индекс У509
245 00 a Заглавие Мой бизнес
b Продолж. заглавия [Учеб. пособие : Пер. с англ.
c Ответственность Науч.ред.: В.А. Питателев и др.]
260 0_ a Место издания Москва
b Издательство ИКК "ДеКА"
c Дата издания 1993
300 a Объем 38 с.
b Иллюстрации/ тип воспроизводства ил
440 a Серия Энцикл. малого бизнеса
a Серия The Small Business Progr.
490 v N тома Ч. 1: Финансы и бух. учет
650 a Основная рубрика Предпринимательство
x Основная подрубрика Учебники для вузов
653 a Ключевые слова Бизнес
a Ключевые слова Предпринимательство
a Ключевые слова Малый бизнес
a Ключевые слова Малые предприятия
a Ключевые слова Учебники
852 t Порядковый номер экземпляра 1
p Инвентарный номер 666921
930 a Новая/Ретро Учебники
954 a Дата поступления на обработку 19951101
999 a Подразделение 2 Фил1